000 00359nam a2200133Ia 4500
008 220216s9999 xx 000 0 und d
100 _aWu Weili
245 0 _aPreparation and properties of fly ash/reclaimed rubber powder composites
260 _bRubber World
_c2009
300 _a16-19, 25
650 _aFly ash
650 _aReclaimed rubber
942 _cJS
999 _c65566
_d65566